Language, literacy and early childhood education /

Saved in:
Bibliographic Details
Main Author: Fellowes, Janet.
Other Authors: Oakley, Grace.
Format: Book
Language:English
Published: South Melbourne, Victoria : Oxford University Press, 2014.
Edition:Second edition.
Subjects:
Tags: Add Tag
No Tags, Be the first to tag this record!
LEADER 01546cam a2200421 i 4500
001 014319599-9
005 20150911230719.0
008 150423s2014 vraa b 001 0 eng
010 |a  2015304083 
015 |a GBB4B2928  |2 bnb 
016 7 |a 016890156  |2 Uk 
020 |a 9780195521177 (pbk.) 
020 |a 019552117X (pbk.) 
035 |a (PromptCat)99962158427 
035 0 |a ocn907976334 
037 |b 253 Normanby Road, South Melbourne VIC 3205 
040 |a DLC  |b eng  |e rda  |c DLC  |d AU@  |d OCLCF  |d UKMGB  |d YDXCP  |d VMC  |d CDX 
042 |a pcc 
050 0 0 |a LB1139.L3  |b F45 2014 
082 0 4 |a 372.21  |2 23 
100 1 |a Fellowes, Janet. 
245 1 0 |a Language, literacy and early childhood education /  |c Janet Fellowes, Grace Oakley. 
250 |a Second edition. 
264 1 |a South Melbourne, Victoria :  |b Oxford University Press,  |c 2014. 
300 |a xxi, 674 pages :  |b illustrations ;  |c 28 cm 
336 |a text  |b txt  |2 rdacontent 
337 |a unmediated  |b n  |2 rdamedia 
338 |a volume  |b nc  |2 rdacarrier 
504 |a Includes bibliographical references (632-657) and index. 
650 0 |a Children  |x Language  |x Study and teaching. 
650 0 |a Early childhood education  |x Study and teaching. 
650 0 |a Literacy  |x Study and teaching. 
650 7 |a Children  |x Language  |x Study and teaching.  |2 fast  |0 (OCoLC)fst00855034 
650 7 |a Early childhood education  |x Study and teaching.  |2 fast  |0 (OCoLC)fst00900625 
650 7 |a Literacy  |x Study and teaching.  |2 fast  |0 (OCoLC)fst00999888 
700 1 |a Oakley, Grace. 
988 |a 20150311 
906 |0 DLC